000 00383nam a2200157Ia 4500
999 _c523364
_d523364
005 20190131101227.0
008 190125s9999 xx 000 0 und d
020 _a0060195185
040 _cDLC
082 _a526.10954
_bKEA
100 _aJohn Keay
_913566
245 _aThe Great Arc /
260 _bHarper Collins
_aNew York
_c2000
300 _axxi, 182 p. :
942 _2ddc
_cBK